Statystyki dla Geografia quiz #4 - Stolice Ameryki Północnej

Kliknij tutaj aby rozwiązać quiz!

Ogólne statystyki

  • Ten quiz został rozwiązany 13 razy
  • Średni wynik to 12 z 15

Statystyki odpowiedzi

ZagadnienieOdpowiedź% Poprawnych
Które miasto jest stolicą Meksyku?Meksyk
100%
Które miasto jest stolicą Kuby?Hawana
92%
Które miasto jest stolicą Kanady?Ottawa
92%
Które miasto jest stolicą Kostaryki?San José
92%
Które miasto jest stolicą Stanów Zjednoczonych?Waszyngton
92%
Które miasto jest stolicą Jamajki?Kingston
85%
Które miasto jest stolicą Panamy?Panama
85%
Które miasto jest stolicą Haiti?Port-au-Prince
77%
Które miasto jest stolicą Antiguy i Barbudy?Saint John’s
77%
Które miasto jest stolicą Dominikany?Santo Domingo
77%
Które miasto jest stolicą Hondurasu?Tegucigalpa
77%
Które miasto jest stolicą Gwatemali?Gwatemala
69%
Które miasto jest stolicą Salwadoru?San Salvador
69%
Które miasto jest stolicą Nikaragui?Managua
62%
Które miasto jest stolicą Barbadosu?Bridgetown
54%

Rozkład punktacji

Percentyl według liczby udzielonych odpowiedzi

Procent ludzi z każdym wynikiem

Twoja historia wyników

Nie rozwiązałeś tego quizu